1950年にはどの市があった?クイズ - Statistics

General Stats
  • This quiz has been taken 70 times
  • The average score is 168 of 584
Answer Stats
Question Tile Select % Correct
北海道(札幌市、函館市を除く) 士別市 No
80%
北海道(札幌市、函館市を除く) 旭川市 Yes
78%
北海道(札幌市、函館市を除く) 千歳市 No
78%
北海道(札幌市、函館市を除く) 釧路市 Yes
78%
北海道(札幌市、函館市を除く) 江別市 No
78%
北海道(札幌市、函館市を除く) 砂川市 No
75%
北海道(札幌市、函館市を除く) 室蘭市 Yes
75%
北海道(札幌市、函館市を除く) 小樽市 Yes
72%
北海道(札幌市、函館市を除く) 紋別市 No
72%
北海道(札幌市、函館市を除く) 赤平市 No
70%
北海道(札幌市、函館市を除く) 芦別市 No
70%
北海道(札幌市、函館市を除く) 北見市 Yes
69%
北海道(札幌市、函館市を除く) 名寄市 No
69%
北海道(札幌市、函館市を除く) 帯広市 Yes
67%
北海道(札幌市、函館市を除く) 歌志内市 No
67%
北海道(札幌市、函館市を除く) 滝川市 No
67%
北海道(札幌市、函館市を除く) 三笠市 No
67%
北海道(札幌市、函館市を除く) 夕張市 Yes
64%
北海道(札幌市、函館市を除く) 苫小牧市 Yes
58%
青森県 青森市 Yes
56%
青森県 黒石市 No
56%
青森県 弘前市 Yes
53%
青森県 十和田市 No
53%
青森県 八戸市 Yes
52%
青森県 三沢市 No
52%
青森県 むつ市 No
52%
岩手県 盛岡市 Yes
50%
北海道(札幌市、函館市を除く) 網走市 Yes
48%
岩手県 陸前高田市 No
48%
岩手県 遠野市 No
48%
宮城県 仙台市 Yes
48%
北海道(札幌市、函館市を除く) 稚内市 Yes
47%
宮城県 角田市 No
47%
秋田県 秋田市 Yes
47%
北海道(札幌市、函館市を除く) 根室市 No
45%
青森県 五所川原市 No
45%
宮城県 石巻市 Yes
45%
秋田県 男鹿市 No
44%
山形県 上山市 No
44%
山形県 東根市 No
44%
北海道(札幌市、函館市を除く) 岩見沢市 Yes
42%
岩手県 江刺市 No
42%
岩手県 大船渡市 No
42%
宮城県 白石市 No
42%
秋田県 湯沢市 No
42%
秋田県 本荘市 No
42%
山形県 山形市 Yes
42%
山形県 長井市 No
42%
福島県 内郷市 No
42%
福島県 × No
42%
茨城県 北茨城市 No
42%
岩手県 久慈市 No
41%
宮城県 古川市 No
41%
山形県 酒田市 Yes
41%
山形県 村山市 No
41%
山形県 尾花沢市 No
41%
福島県 郡山市 Yes
41%
茨城県 水戸市 Yes
41%
栃木県 × No
41%
群馬県 藤岡市 No
41%
群馬県 安中市 No
41%
北海道(札幌市、函館市を除く) 留萌市 Yes
39%
宮城県 名取市 No
39%
福島県 相馬市 No
39%
茨城県 水海道市 No
39%
茨城県 常陸太田市 No
39%
栃木県 宇都宮市 Yes
39%
群馬県 × No
39%
埼玉県 川越市 Yes
39%
埼玉県 × No
39%
埼玉県 × No
39%
岩手県 釜石市 Yes
38%
山形県 寒河江市 No
38%
福島県 福島市 Yes
38%
茨城県 結城市 No
38%
茨城県 龍ケ崎市 No
38%
茨城県 下妻市 No
38%
栃木県 矢板市 No
38%
群馬県 前橋市 Yes
38%
群馬県 高崎市 Yes
38%
埼玉県 羽生市 No
38%
千葉県 × No
38%
千葉県 × No
38%
神奈川県 × No
38%
山形県 米沢市 Yes
36%
山形県 鶴岡市 Yes
36%
福島県 原町市 No
36%
福島県 喜多方市 No
36%
福島県 常磐市 No
36%
茨城県 笠間市 No
36%
栃木県 真岡市 No
36%
群馬県 渋川市 No
36%
群馬県 沼田市 No
36%
埼玉県 大宮市 Yes
36%
埼玉県 加須市 No
36%
千葉県 東金市 No
36%
東京都 八王子市 Yes
36%
神奈川県 横浜市 Yes
36%
神奈川県 小田原市 Yes
36%
新潟県 五泉市 No
36%
静岡県 × No
36%
静岡県 × No
36%
岩手県 一関市 Yes
34%
岩手県 水沢市 No
34%
茨城県 土浦市 Yes
34%
茨城県 那珂湊市 No
34%
茨城県 石岡市 No
34%
栃木県 大田原市 No
34%
群馬県 富岡市 No
34%
埼玉県 浦和市 Yes
34%
埼玉県 本庄市 No
34%
埼玉県 東松山市 No
34%
埼玉県 狭山市 No
34%
千葉県 千葉市 Yes
34%
千葉県 八日市場市 No
34%
神奈川県 川崎市 Yes
34%
神奈川県 三浦市 No
34%
新潟県 見附市 No
34%
長野県 × No
34%
長野県 × No
34%
長野県 × No
34%
岐阜県 美濃市 No
34%
岐阜県 瑞浪市 No
34%
静岡県 浜松市 Yes
34%
愛知県 × No
34%
三重県 四日市市 Yes
34%
福島県 須賀川市 No
33%
福島県 勿来市 No
33%
茨城県 下館市 No
33%
埼玉県 川口市 Yes
33%
埼玉県 鴻巣市 No
33%
千葉県 船橋市 Yes
33%
千葉県 旭市 No
33%
東京都 昭島市 No
33%
神奈川県 横須賀市 Yes
33%
神奈川県 秦野市 No
33%
新潟県 新潟市 Yes
33%
新潟県 栃尾市 No
33%
新潟県 長岡市 Yes
33%
新潟県 両津市 No
33%
新潟県 小千谷市 No
33%
新潟県 加茂市 No
33%
富山県 高岡市 Yes
33%
富山県 滑川市 No
33%
山梨県 甲府市 Yes
33%
山梨県 × No
33%
長野県 長野市 Yes
33%
長野県 中野市 No
33%
岐阜県 岐阜市 Yes
33%
岐阜県 大垣市 Yes
33%
岐阜県 美濃加茂市 No
33%
静岡県 静岡市 Yes
33%
静岡県 清水市 Yes
33%
愛知県 名古屋市 Yes
33%
愛知県 江南市 No
33%
愛知県 常滑市 No
33%
愛知県 新城市 No
33%
愛知県 × No
33%
三重県 名張市 No
33%
京都府 京都市 Yes
33%
京都府 × No
33%
岩手県 宮古市 Yes
31%
山形県 天童市 No
31%
福島県 平市 Yes
31%
福島県 磐城市 No
31%
福島県 二本松市 No
31%
茨城県 高萩市 No
31%
埼玉県 上尾市 No
31%
埼玉県 草加市 No
31%
埼玉県 熊谷市 Yes
31%
埼玉県 飯能市 No
31%
千葉県 市川市 Yes
31%
千葉県 勝浦市 No
31%
千葉県 茂原市 No
31%
東京都 立川市 Yes
31%
東京都 小金井市 No
31%
神奈川県 逗子市 No
31%
新潟県 白根市 No
31%
富山県 富山市 Yes
31%
富山県 黒部市 No
31%
石川県 金沢市 Yes
31%
石川県 珠洲市 No
31%
石川県 × No
31%
福井県 福井市 Yes
31%
福井県 勝山市 No
31%
長野県 飯山市 No
31%
長野県 松本市 Yes
31%
岐阜県 羽島市 No
31%
岐阜県 土岐市 No
31%
愛知県 守山市 No
31%
愛知県 尾西市 No
31%
愛知県 豊橋市 Yes
31%
三重県 熊野市 No
31%
滋賀県 彦根市 Yes
31%
兵庫県 三木市 No
31%
岡山県 岡山市 Yes
31%
広島県 広島市 Yes
31%
広島県 府中市 No
31%
山口県 下関市 Yes
31%
山口県 × No
31%
山口県 × No
31%
福岡県 福岡市 Yes
31%
福岡県 八女市 No
31%
福岡県 大川市 No
31%
福岡県 豊前市 No
31%
福岡県 久留米市 Yes
31%
佐賀県 多久市 No
31%
佐賀県 × No
31%
長崎県 佐世保市 Yes
31%
熊本県 × No
31%
大分県 大分市 Yes
31%
大分県 × No
31%
鹿児島県 鹿児島市 Yes
31%
沖縄県 那覇市 Yes
31%
岩手県 北上市 No
30%
秋田県 大曲市 No
30%
栃木県 足利市 Yes
30%
栃木県 栃木市 Yes
30%
栃木県 今市市 No
30%
埼玉県 深谷市 No
30%
埼玉県 蕨市 No
30%
埼玉県 岩槻市 No
30%
千葉県 松戸市 Yes
30%
神奈川県 大和市 No
30%
新潟県 新井市 No
30%
石川県 羽咋市 No
30%
福井県 大野市 No
30%
福井県 × No
30%
長野県 上田市 Yes
30%
長野県 須坂市 No
30%
長野県 伊那市 No
30%
長野県 駒ヶ根市 No
30%
静岡県 沼津市 Yes
30%
静岡県 藤枝市 No
30%
静岡県 御殿場市 No
30%
静岡県 天竜市 No
30%
愛知県 岡崎市 Yes
30%
愛知県 豊田市 No
30%
三重県 津市 Yes
30%
三重県 尾鷲市 No
30%
三重県 鳥羽市 No
30%
滋賀県 大津市 Yes
30%
大阪府(大阪市除く) 河内長野市 No
30%
大阪府(大阪市除く) 羽曳野市 No
30%
兵庫県 神戸市 Yes
30%
兵庫県 西脇市 No
30%
兵庫県 姫路市 Yes
30%
兵庫県 龍野市 No
30%
兵庫県 高砂市 No
30%
兵庫県 川西市 No
30%
兵庫県 小野市 No
30%
奈良県 奈良市 Yes
30%
和歌山県 × No
30%
鳥取県 米子市 Yes
30%
島根県 松江市 Yes
30%
島根県 安来市 No
30%
岡山県 倉敷市 Yes
30%
岡山県 新見市 No
30%
広島県 福山市 Yes
30%
広島県 大竹市 No
30%
愛媛県 松山市 Yes
30%
愛媛県 北条市 No
30%
愛媛県 × No
30%
高知県 高知市 Yes
30%
高知県 南国市 No
30%
高知県 × No
30%
福岡県 八幡市 Yes
30%
福岡県 中間市 No
30%
福岡県 小倉市 Yes
30%
福岡県 門司市 Yes
30%
佐賀県 佐賀市 Yes
30%
佐賀県 唐津市 Yes
30%
長崎県 長崎市 Yes
30%
熊本県 熊本市 Yes
30%
熊本県 八代市 Yes
30%
熊本県 山鹿市 No
30%
大分県 別府市 Yes
30%
大分県 竹田市 No
30%
宮崎県 宮崎市 Yes
30%
宮崎県 西都市 No
30%
鹿児島県 大口市 No
30%
宮城県 気仙沼市 No
28%
茨城県 日立市 Yes
28%
群馬県 桐生市 Yes
28%
群馬県 伊勢崎市 Yes
28%
群馬県 館林市 No
28%
千葉県 佐原市 No
28%
新潟県 高田市 Yes
28%
新潟県 糸魚川市 No
28%
富山県 砺波市 No
28%
石川県 小松市 Yes
28%
石川県 輪島市 No
28%
山梨県 都留市 No
28%
山梨県 韮崎市 No
28%
山梨県 山梨市 No
28%
長野県 大町市 No
28%
長野県 更埴市 No
28%
静岡県 袋井市 No
28%
愛知県 一宮市 Yes
28%
愛知県 稲沢市 No
28%
愛知県 蒲郡市 No
28%
三重県 亀山市 No
28%
京都府 宮津市 No
28%
大阪府(大阪市除く) 堺市 Yes
28%
大阪府(大阪市除く) 大東市 No
28%
大阪府(大阪市除く) 和泉市 No
28%
大阪府(大阪市除く) 柏原市 No
28%
兵庫県 尼崎市 Yes
28%
兵庫県 西宮市 Yes
28%
兵庫県 三田市 No
28%
奈良県 天理市 No
28%
和歌山県 和歌山市 Yes
28%
岡山県 井原市 No
28%
広島県 呉市 Yes
28%
広島県 竹原市 No
28%
山口県 徳山市 Yes
28%
山口県 長門市 No
28%
山口県 宇部市 Yes
28%
徳島県 徳島市 Yes
28%
香川県 高松市 Yes
28%
香川県 丸亀市 Yes
28%
愛媛県 今治市 Yes
28%
高知県 土佐市 No
28%
高知県 土佐清水市 No
28%
福岡県 筑後市 No
28%
福岡県 大牟田市 Yes
28%
佐賀県 武雄市 No
28%
佐賀県 鹿島市 No
28%
長崎県 福江市 No
28%
長崎県 平戸市 No
28%
長崎県 松浦市 No
28%
大分県 杵築市 No
28%
大分県 津久見市 No
28%
鹿児島県 垂水市 No
28%
栃木県 日光市 No
27%
千葉県 成田市 No
27%
千葉県 習志野市 No
27%
神奈川県 平塚市 Yes
27%
神奈川県 鎌倉市 Yes
27%
神奈川県 藤沢市 Yes
27%
新潟県 村上市 No
27%
新潟県 十日町市 No
27%
富山県 新湊市 No
27%
富山県 氷見市 No
27%
石川県 加賀市 No
27%
福井県 小浜市 No
27%
山梨県 塩山市 No
27%
山梨県 大月市 No
27%
長野県 茅野市 No
27%
長野県 篠ノ井市 No
27%
長野県 小諸市 No
27%
岐阜県 恵那市 No
27%
愛知県 西尾市 No
27%
滋賀県 近江八幡市 No
27%
滋賀県 八日市市 No
27%
大阪府(大阪市除く) 河内市 No
27%
大阪府(大阪市除く) 松原市 No
27%
大阪府(大阪市除く) 高槻市 Yes
27%
兵庫県 明石市 Yes
27%
兵庫県 赤穂市 No
27%
奈良県 桜井市 No
27%
奈良県 五條市 No
27%
奈良県 御所市 No
27%
和歌山県 有田市 No
27%
島根県 出雲市 Yes
27%
島根県 江津市 No
27%
島根県 平田市 No
27%
島根県 大田市 No
27%
岡山県 津山市 Yes
27%
岡山県 笠岡市 No
27%
岡山県 高梁市 No
27%
広島県 庄原市 No
27%
広島県 三次市 No
27%
山口県 山口市 Yes
27%
山口県 岩国市 Yes
27%
山口県 美祢市 No
27%
愛媛県 川之江市 No
27%
愛媛県 伊予市 No
27%
高知県 室戸市 No
27%
高知県 安芸市 No
27%
福岡県 戸畑市 Yes
27%
佐賀県 伊万里市 No
27%
長崎県 諫早市 Yes
27%
熊本県 本渡市 No
27%
熊本県 牛深市 No
27%
熊本県 宇土市 No
27%
熊本県 菊池市 No
27%
大分県 豊後高田市 No
27%
宮崎県 串間市 No
27%
岩手県 花巻市 No
25%
宮城県 塩竈市 Yes
25%
茨城県 勝田市 No
25%
千葉県 銚子市 Yes
25%
東京都 青梅市 No
25%
新潟県 燕市 No
25%
福井県 鯖江市 No
25%
長野県 飯田市 Yes
25%
愛知県 小牧市 No
25%
京都府 亀岡市 No
25%
大阪府(大阪市除く) 寝屋川市 No
25%
大阪府(大阪市除く) 枚岡市 No
25%
大阪府(大阪市除く) 箕面市 No
25%
鳥取県 鳥取市 Yes
25%
島根県 益田市 No
25%
広島県 因島市 No
25%
山口県 萩市 Yes
25%
徳島県 小松島市 No
25%
香川県 善通寺市 No
25%
香川県 観音寺市 No
25%
愛媛県 伊予三島市 No
25%
愛媛県 新居浜市 Yes
25%
高知県 須崎市 No
25%
福岡県 山田市 No
25%
福岡県 若松市 Yes
25%
大分県 中津市 Yes
25%
宮崎県 都城市 Yes
25%
宮崎県 延岡市 Yes
25%
宮崎県 日向市 No
25%
鹿児島県 阿久根市 No
25%
鹿児島県 加世田市 No
25%
北海道(札幌市、函館市を除く) 美唄市 Yes
23%
秋田県 能代市 Yes
23%
秋田県 大館市 No
23%
福島県 白河市 Yes
23%
埼玉県 与野市 No
23%
神奈川県 相模原市 No
23%
神奈川県 厚木市 No
23%
新潟県 新津市 No
23%
富山県 魚津市 No
23%
福井県 敦賀市 Yes
23%
山梨県 富士吉田市 No
23%
長野県 塩尻市 No
23%
岐阜県 多治見市 Yes
23%
三重県 桑名市 Yes
23%
京都府 舞鶴市 Yes
23%
和歌山県 橋本市 No
23%
鳥取県 倉吉市 No
23%
鳥取県 境港市 No
23%
岡山県 西大寺市 No
23%
岡山県 玉島市 No
23%
岡山県 総社市 No
23%
広島県 松永市 No
23%
広島県 尾道市 Yes
23%
山口県 柳井市 No
23%
徳島県 阿南市 No
23%
愛媛県 宇和島市 Yes
23%
愛媛県 大洲市 No
23%
福岡県 甘木市 No
23%
福岡県 柳川市 No
23%
福岡県 飯塚市 Yes
23%
熊本県 玉名市 No
23%
鹿児島県 川内市 Yes
23%
鹿児島県 西之表市 No
23%
千葉県 佐倉市 No
22%
石川県 七尾市 Yes
22%
静岡県 焼津市 No
22%
愛知県 瀬戸市 Yes
22%
愛知県 犬山市 No
22%
愛知県 安城市 No
22%
三重県 松阪市 Yes
22%
大阪府(大阪市除く) 布施市 Yes
22%
和歌山県 御坊市 No
22%
福岡県 行橋市 No
22%
大分県 鶴崎市 No
22%
鹿児島県 鹿屋市 Yes
22%
鹿児島県 出水市 No
22%
鹿児島県 谷山市 No
22%
秋田県 横手市 No
20%
栃木県 佐野市 Yes
20%
埼玉県 春日部市 No
20%
千葉県 木更津市 Yes
20%
東京都 三鷹市 No
20%
新潟県 三条市 Yes
20%
長野県 岡谷市 Yes
20%
長野県 諏訪市 Yes
20%
岐阜県 中津川市 No
20%
兵庫県 宝塚市 No
20%
兵庫県 洲本市 Yes
20%
奈良県 大和郡山市 No
20%
和歌山県 新宮市 Yes
20%
高知県 宿毛市 No
20%
福岡県 直方市 Yes
20%
茨城県 古河市 Yes
19%
栃木県 小山市 No
19%
群馬県 太田市 Yes
19%
新潟県 柏崎市 Yes
19%
岐阜県 高山市 Yes
19%
岐阜県 関市 No
19%
静岡県 熱海市 Yes
19%
静岡県 掛川市 No
19%
愛知県 春日井市 Yes
19%
滋賀県 長浜市 Yes
19%
滋賀県 草津市 No
19%
京都府 福知山市 Yes
19%
大阪府(大阪市除く) 岸和田市 Yes
19%
大阪府(大阪市除く) 枚方市 Yes
19%
大阪府(大阪市除く) 吹田市 Yes
19%
島根県 浜田市 Yes
19%
山口県 防府市 Yes
19%
長崎県 島原市 Yes
19%
大分県 佐伯市 Yes
19%
鹿児島県 国分市 No
19%
沖縄県 石川市 Yes
19%
埼玉県 越谷市 No
17%
静岡県 三島市 Yes
17%
三重県 上野市 Yes
17%
大阪府(大阪市除く) 豊中市 Yes
17%
和歌山県 田辺市 Yes
17%
徳島県 鳴門市 Yes
17%
佐賀県 鳥栖市 No
17%
熊本県 荒尾市 Yes
17%
鹿児島県 指宿市 No
17%
千葉県 館山市 Yes
16%
東京都 調布市 No
16%
愛知県 半田市 Yes
16%
京都府 宇治市 No
16%
大阪府(大阪市除く) 茨木市 Yes
16%
兵庫県 芦屋市 Yes
16%
岡山県 玉野市 Yes
16%
広島県 三原市 Yes
16%
愛媛県 西条市 Yes
16%
山形県 新庄市 Yes
14%
埼玉県 所沢市 No
14%
東京都 武蔵野市 Yes
14%
静岡県 富士市 No
14%
愛知県 豊川市 Yes
14%
三重県 伊勢市 No
14%
大阪府(大阪市除く) 八尾市 Yes
14%
兵庫県 加古川市 Yes
14%
兵庫県 豊岡市 Yes
14%
奈良県 橿原市 No
14%
山口県 下松市 Yes
14%
香川県 坂出市 Yes
14%
福岡県 田川市 Yes
14%
熊本県 人吉市 Yes
14%
大分県 日田市 Yes
14%
沖縄県 コザ市 No
14%
神奈川県 茅ヶ崎市 Yes
13%
福井県 武生市 Yes
13%
静岡県 磐田市 Yes
13%
静岡県 富士宮市 Yes
13%
愛知県 津島市 Yes
13%
大阪府(大阪市除く) 池田市 Yes
13%
兵庫県 伊丹市 Yes
13%
岡山県 児島市 Yes
13%
山口県 小野田市 Yes
13%
高知県 中村市 No
13%
長崎県 大村市 Yes
13%
福島県 会津若松市 No
11%
千葉県 柏市 No
11%
東京都 町田市 No
11%
新潟県 直江津市 No
11%
新潟県 新発田市 Yes
11%
静岡県 吉原市 Yes
11%
大阪府(大阪市除く) 貝塚市 Yes
11%
愛媛県 八幡浜市 Yes
11%
熊本県 水俣市 Yes
11%
鹿児島県 枕崎市 Yes
11%
鹿児島県 名瀬市 Yes
11%
沖縄県 石垣市 Yes
11%
三重県 鈴鹿市 Yes
9%
兵庫県 相生市 Yes
9%
山口県 光市 Yes
9%
東京都 府中市 No
8%
奈良県 大和高田市 Yes
8%
和歌山県 海南市 Yes
8%
栃木県 鹿沼市 Yes
6%
埼玉県 秩父市 Yes
6%
静岡県 伊東市 Yes
6%
静岡県 島田市 Yes
6%
愛知県 刈谷市 Yes
6%
大阪府(大阪市除く) 守口市 Yes
6%
宮崎県 日南市 Yes
6%
宮崎県 小林市 Yes
6%
沖縄県 平良市 Yes
6%
埼玉県 行田市 Yes
5%
大阪府(大阪市除く) 泉大津市 Yes
5%
鹿児島県 串木野市 Yes
5%
千葉県 野田市 Yes
3%
愛知県 碧南市 Yes
3%
京都府 綾部市 Yes
3%
大阪府(大阪市除く) 泉佐野市 Yes
3%
大阪府(大阪市除く) 富田林市 Yes
3%
大分県 臼杵市 Yes
3%
No matching quizzes found
Score Distribution
Percent of People with Each Score
Percentile by Number Answered
Your Score History
You have not taken this quiz